[Event "Sheikh Russel GM 2021"]
[Site "Dhaka"]
[Date "2021.10.23"]
[Round "5.2"]
[White "Mousavi, Seyed Khalil"]
[Black "Iskandarov, Misratdin"]
[Result "1/2-1/2"]
[WhiteElo "2510"]
[BlackElo "2552"]
[Annotator "TA"]
[PlyCount "57"]
[EventDate "2021.10.19"]
[EventType "swiss"]
[EventCountry "BAN"]
[SourceTitle "playchess.com"]
[Source "ChessBase"]
[SourceQuality "1"]

{[%evp 12,57,0,16,64,70,67,70,66,55,57,24,31,18,21,17,52,79,100,51,87,15,25,23,24,33,29,29,25,10,13,15,38,25,26,10,26,26,19,0,52,37,33,10,10,11,11,11]} 1. d4 Nf6 2. c4 g6 3. Nc3 d5 4. Nf3 Bg7 5. Bf4 O-O 6. e3 c5 7. dxc5 {[%cal Rc4d5]} Na6 {D93: Grünfeld: 4 Nf3 Bg7 5 Bf4 0-0 6 e3.} 8. cxd5 {[#] And now Bxa6 would win.} Nxc5 9. Be5 {[#]} Bf5 $146 {White is slightly better.} ({Predecessor:} 9... Qa5 10. Nd2 Bf5 11. Nb3 Qb4 12. Be2 Rfd8 13. O-O Nfe4 14. Bc7 Nxb3 15. axb3 Rd7 {0-1 (36) Jankovic,A (2550)-Plenkovic,Z (2385) Sibenik 2015}) 10. Be2 Nce4 11. O-O Nxc3 12. Bxc3 Qxd5 13. Qa4 Qe4 14. Qa3 Rfc8 15. Rad1 Bf8 16. Bd3 (16. Ne5 $16) 16... Qd5 17. Bb1 Qc5 18. Qxc5 Rxc5 19. Bxf6 exf6 20. Bxf5 Rxf5 21. Rd7 Rb5 22. b3 Rc8 23. g3 Rb6 24. Rfd1 Rc2 25. Nd4 Rc8 ({Black should try} 25... Rxa2 $11 26. Rc1 a5) 26. Rd2 Bb4 27. Rc2 Rxc2 28. Nxc2 Bd6 29. Rd8+ {Weighted Error Value: White=0.14/Black=0.15} 1/2-1/2

[Event "Sheikh Russel GM 2021"]
[Site "Dhaka"]
[Date "2021.10.23"]
[Round "5.3"]
[White "Mosadeghpour, Masoud"]
[Black "Shyam, Sundar M."]
[Result "1-0"]
[WhiteElo "2486"]
[BlackElo "2518"]
[Annotator "ChessBase"]
[PlyCount "145"]
[EventDate "2021.10.19"]
[EventType "swiss"]
[EventCountry "BAN"]
[SourceTitle "playchess.com"]
[Source "ChessBase"]
[SourceQuality "1"]
[TimeControl "40/5400+30:1800+30"]

1. e4 {[%emt 0:02:34]} e5 {[%emt 0:01:23]} 2. Nf3 {[%emt 0:00:41]} Nc6 {[%emt 0:00:14]} 3. d4 {[%emt 0:03:38]} exd4 {[%emt 0:00:36]} 4. Nxd4 {[%emt 0:00:43]} Nf6 {[%emt 0:01:05]} 5. Nxc6 {[%emt 0:02:12]} bxc6 {[%emt 0:00:07]} 6. Nd2 {[%emt 0:00:22]} d5 {[%emt 0:04:04]} 7. exd5 {[%emt 0:00:33]} cxd5 {[%emt 0:00:05]} 8. Bb5+ {[%emt 0:00:10]} Bd7 {[%emt 0:00:04]} 9. Bxd7+ {[%emt 0:00:05]} Qxd7 {[%emt 0:00:02]} 10. O-O {[%emt 0:00:07]} Be7 {[%emt 0:00:02]} 11. b3 {[%emt 0:00:06]} O-O {[%emt 0:00:06]} 12. Bb2 {[%emt 0:00:01]} Rfe8 {[%emt 0:34:05]} 13. Re1 {[%emt 0:01:25]} a5 {[%emt 0:01:16]} 14. a4 {[%emt 0:20:10]} Bb4 {[%emt 0:04:01]} 15. Rxe8+ {[%emt 0:02:48]} Rxe8 {[%emt 0:00:03]} 16. Bxf6 {[%emt 0:00:19]} gxf6 {[%emt 0:00:02]} 17. Nf3 {[%emt 0:00:17]} Bc3 {[%emt 0:10:14]} 18. Rc1 {[%emt 0:07:28]} Qf5 {[%emt 0:00:06]} 19. Qd3 {[%emt 0:01:25]} Qxd3 {[%emt 0:00:07]} 20. cxd3 {[%emt 0:00:01]} d4 {[%emt 0:00:01]} 21. Kf1 {[%emt 0:00:26]} Kf8 {[%emt 0:08:19]} 22. Ng1 {[%emt 0:01:41]} Rb8 {[%emt 0:00:04]} 23. Rb1 {[%emt 0:00:01]} Ke7 {[%emt 0:00:07]} 24. Ne2 {[%emt 0:28:21]} Kd6 {[%emt 0:00:11]} 25. Nc1 {[%emt 0:00:32]} Kd5 {[%emt 0:24:00]} 26. h4 {[%emt 0:05:27]} f5 {[%emt 0:01:19]} 27. Na2 {[%emt 0:01:20]} Bd2 {[%emt 0:00:58]} 28. g3 {[%emt 0:09:19]} c5 {[%emt 0:01:05]} 29. Ke2 {[%emt 0:00:36]} Bh6 {[%emt 0:00:07]} 30. f4 {[%emt 0:01:03]} Bf8 {[%emt 0:08:37]} 31. h5 {[%emt 0:01:28]} Re8+ {[%emt 0:01:32]} 32. Kf2 {[%emt 0:00:11]} Re3 {[%emt 0:00:03]} 33. Rd1 {[%emt 0:01:57]} Re6 {[%emt 0:00:53]} 34. Nc1 {[%emt 0:00:43]} Rh6 {[%emt 0:00:56]} 35. Rh1 {[%emt 0:00:58]} Bd6 {[%emt 0:00:29]} 36. Rh2 {[%emt 0:03:43]} Bc7 {[%emt 0:00:43]} 37. Kf3 {[%emt 0:03:41]} Bd6 {[%emt 0:00:01]} 38. g4 {[%emt 0:01:36]} fxg4+ 39. Kxg4 {[%emt 0:00:02]} Rf6 {[%emt 0:01:41]} 40. Rf2 {[%emt 0:00:00]} Bc7 {[%emt 0:00:00]} 41. f5 {[%emt 0:02:59]} h6 {[%emt 0:08:01]} 42. Rb2 {[%emt 0:29:01]} Rb6 {[%emt 0:03:35]} 43. Ne2 {[%emt 0:00:05]} Rb8 {[%emt 0:00:28]} 44. Nf4+ {[%emt 0:00:05]} Kc6 {[%emt 0:00:47]} 45. Kf3 {[%emt 0:00:58]} Kd6 {[%emt 0:17:11]} 46. Nh3 {[%emt 0:00:37]} Re8 {[%emt 0:00:04]} 47. Nf2 {[%emt 0:00:38]} Re3+ {[%emt 0:00:10]} 48. Kg2 {[%emt 0:00:04]} Kd5 {[%emt 0:00:22]} 49. Rc2 {[%emt 0:00:45]} Bd6 {[%emt 0:02:41]} 50. f6 {[%emt 0:00:12]} Be5 {[%emt 0:01:14]} 51. Kf1 {[%emt 0:00:56]} Rf3 {[%emt 0:01:00]} 52. Kg2 {[%emt 0:00:29]} Rxf6 {[%emt 0:01:03]} 53. Ne4 {[%emt 0:00:08]} Rc6 {[%emt 0:00:01]} 54. Rf2 {[%emt 0:00:45]} Ke6 {[%emt 0:00:11]} 55. Rc2 {[%emt 0:00:37]} Kd5 {[%emt 0:00:07]} 56. Rf2 {[%emt 0:00:04]} f6 {[%emt 0:00:22]} 57. Kf3 {[%emt 0:01:13]} f5 {[%emt 0:00:42]} 58. Nd2 {[%emt 0:00:08]} Bf6 {[%emt 0:01:34]} 59. Nc4 {[%emt 0:00:57]} Re6 {[%emt 0:00:19]} 60. Kg2 {[%emt 0:00:15]} Re1 {[%emt 0:00:57]} 61. Rxf5+ {[%emt 0:00:18]} Ke6 {[%emt 0:00:00]} 62. Rxc5 {[%emt 0:00:34]} Rd1 {[%emt 0:00:01]} 63. Rxa5 {[%emt 0:00:47]} Rxd3 {[%emt 0:00:04]} 64. Rb5 {[%emt 0:00:32]} Rc3 {[%emt 0:00:36]} 65. a5 {[%emt 0:00:09]} d3 {[%emt 0:00:16]} 66. Kf3 {[%emt 0:01:01]} Bg5 {[%emt 0:00:01]} 67. a6 {[%emt 0:00:28]} d2+ {[%emt 0:01:08]} 68. Ke2 {[%emt 0:00:00]} Rh3 {[%emt 0:01:11]} 69. Re5+ {[%emt 0:01:04]} Kf6 {[%emt 0:00:15]} 70. Rd5 {[%emt 0:00:39]} Rh1 {[%emt 0:01:47]} 71. Nxd2 {[%emt 0:00:33]} Ke6 {[%emt 0:00:02]} 72. Nf1 {[%emt 0:00:37]} Kxd5 {[%emt 0:00:56]} 73. a7 {[%emt 0:00:01]} 1-0

[Event "Sheikh Russel GM 2021"]
[Site "Dhaka"]
[Date "2021.10.23"]
[Round "5.4"]
[White "Bernadskiy, Vitaliy"]
[Black "Mitrabha, Guha"]
[Result "1-0"]
[WhiteElo "2580"]
[BlackElo "2479"]
[Annotator "TA"]
[PlyCount "77"]
[EventDate "2021.10.19"]
[EventType "swiss"]
[EventCountry "BAN"]
[SourceTitle "playchess.com"]
[Source "ChessBase"]
[SourceQuality "1"]

{[%evp 23,77,0,0,-11,-16,0,0,0,0,-7,0,0,0,-21,189,184,181,187,188,183,205,220,213,189,179,179,184,184,188,235,229,230,228,213,227,242,223,237,273,238,281,255,362,379,379,350,481,479,436,442,645,636,4627,4586,29997,29998]} 1. e4 c6 2. d4 d5 3. exd5 cxd5 4. c4 Nf6 5. Nc3 Nc6 6. Nf3 Bg4 7. cxd5 Nxd5 8. Qb3 Bxf3 9. gxf3 e6 10. Qxb7 Nxd4 11. Bb5+ Nxb5 12. Qc6+ Ke7 13. Qc5+ {B13: Caro-Kann: Exchange Variation and Panov-Botvinnik Attack.} Nd6 {aiming for ...Nxc3.} 14. Nxd5+ exd5 15. O-O {The position is equal.} Qb6 16. Qxd5 Re8 {[#]} 17. Rd1 $5 $146 {[%mdl 8] Be3 is the strong threat. An interesting novelty.} ({Predecessor:} 17. Re1+ Kd7 18. Rxe8 Kxe8 19. Bf4 Kd7 20. Rd1 Be7 21. Qf5+ Kd8 22. Qd5 Kd7 {½-½ (22) Runarsson,G (2142)-Krimbacher,W (2333) ICCF email 2017}) 17... Kd7 {With the idea ...Re6.} 18. Be3 Qc6 (18... Rxe3 $11 {and Black stays safe.} 19. fxe3 Be7) 19. Qxf7+ $1 $18 Re7 20. Qf4 $36 {[%mdl 3072] White has strong compensation. Black is under strong pressure.} Re6 21. Rac1 Rg6+ 22. Kh1 Qb7 23. Qa4+ Ke6 {[%cal Rb7f3]} 24. Rc6 {Black must now prevent Rdc1.} Kf7 {[#] And now ...Be7 would win.} 25. Bf4 $1 ({Don't do} 25. Bc5 $6 Nf5 $16) 25... Qb5 {[#]} 26. Rc7+ $1 ({Worse is} 26. Qxa7+ Kg8 $11) 26... Kg8 27. Qxb5 {[%mdl 64] Overworked Piece} Nxb5 28. Rc8 Rf6 29. Be5 Rxf3 30. Kg2 ({But not} 30. Rd7 $6 Rf7 $16) 30... Rf5 31. f4 h5 32. a4 Rh6 (32... a6 $142 33. axb5 axb5) 33. axb5 Rb6 34. Rdd8 Rxb5 35. Bd6 Rxb2+ 36. Kf3 Rxh2 (36... Kh7 $142 37. Rxf8 Rxf8 38. Bxf8 Rxh2) 37. Bxf8 Rb5 {[#]} 38. Bxg7+ $1 {[%mdl 512]} Kxg7 (38... Kf7 39. Be5) 39. Rc7+ {Black did not feel at home in the position after the opening.  Weighted Error Value: White=0.02/Black=0.48} 1-0

[Event "Sheikh Russel GM 2021"]
[Site "Dhaka"]
[Date "2021.10.23"]
[Round "5.5"]
[White "Tiviakov, Sergei"]
[Black "Neelash Saha"]
[Result "1/2-1/2"]
[WhiteElo "2600"]
[BlackElo "2421"]
[Annotator "TA"]
[PlyCount "65"]
[EventDate "2021.10.19"]
[EventType "swiss"]
[EventCountry "BAN"]
[SourceTitle "playchess.com"]
[Source "ChessBase"]
[SourceQuality "1"]

{[%evp 22,65,-14,-29,0,-10,0,0,0,0,39,13,44,36,47,0,0,0,0,0,0,0,0,-19,-19,-20,-16,-10,0,0,0,0,0,0,0,0,0,-29,0,0,0,0,0,0,0,0]} 1. e4 c5 2. Nc3 d6 3. Nge2 Nf6 4. d4 cxd4 5. Nxd4 a6 6. f4 e5 7. Nf3 Nbd7 8. Bd3 Be7 9. O-O O-O 10. Kh1 b5 11. a3 Bb7 12. Qe1 exf4 {B93: Sicilian Najdorf: 6 f4.} 13. Bxf4 Re8 14. Nd4 {[#]} Bf8 $146 ({Predecessor:} 14... g6 15. Qf2 Qb6 16. Rae1 Ng4 17. Qg3 Nxh2 18. Kxh2 Qxd4 19. Rd1 Qc5 20. Nd5 Bxd5 21. exd5 {0-1 (40) Chevallier,C-Loeffler,M (2335) Badenweiler 1995}) 15. Nf5 d5 16. Qg3 g6 {[#] White must now prevent ...Nh5.} 17. exd5 Nh5 18. Qh3 Nxf4 19. Rxf4 Ne5 20. Nh6+ $1 Bxh6 21. Qxh6 f5 $1 ({Much weaker is} 21... Nxd3 $6 22. Rh4 $16) 22. Be2 (22. Rd4 {seems wilder.} Ng4 23. Rxg4 fxg4 24. Bxg6 hxg6 25. Qxg6+ Kh8 26. Qh5+) 22... Nf7 23. Qh3 Bxd5 24. Qg3 Be6 25. a4 Qa5 26. b4 Qc7 27. axb5 axb5 28. Raf1 Qe5 {[#] aiming for ...Rac8.} 29. R4f2 Qxg3 30. hxg3 {The position is equal.} Bc4 31. Bxc4 bxc4 32. g4 Nh6 33. gxf5 {Weighted Error Value: White=0.07/Black=0.05} 1/2-1/2

[Event "Sheikh Russel GM 2021"]
[Site "Dhaka"]
[Date "2021.10.23"]
[Round "5.7"]
[White "Aditya Mittal"]
[Black "Debashis, Das"]
[Result "1-0"]
[WhiteElo "2447"]
[BlackElo "2501"]
[Annotator "ChessBase"]
[PlyCount "71"]
[EventDate "2021.10.19"]
[EventType "swiss"]
[EventCountry "BAN"]
[SourceTitle "playchess.com"]
[Source "ChessBase"]
[SourceQuality "1"]
[TimeControl "40/5400+30:1800+30"]

1. d4 {[%emt 0:00:12]} Nf6 {[%emt 0:00:26]} 2. c4 {[%emt 0:00:04]} g6 {[%emt 0:00:08]} 3. Nc3 {[%emt 0:00:06]} d5 {[%emt 0:00:11]} 4. Nf3 {[%emt 0:00:56]} Bg7 {[%emt 0:00:12]} 5. h4 {[%emt 0:00:07]} O-O {[%emt 0:00:23]} 6. cxd5 {[%emt 0:00:11]} Nxd5 {[%emt 0:00:28]} 7. h5 {[%emt 0:00:08]} Bg4 {[%emt 0:01:32]} 8. hxg6 {[%emt 0:00:40]} hxg6 {[%emt 0:00:07]} 9. Nh2 {[%emt 0:01:37]} Bc8 {[%emt 0:05:40]} 10. e4 {[%emt 0:10:30]} Nxc3 {[%emt 0:15:55]} 11. bxc3 {[%emt 0:00:02]} Qd7 {[%emt 0:01:08]} 12. Nf3 {[%emt 0:08:10]} Qc6 {[%emt 0:06:02]} 13. Qd3 {[%emt 0:04:19]} Nd7 {[%emt 0:14:58]} 14. Bf4 {[%emt 0:25:25]} Rd8 {[%emt 0:09:30]} 15. Ng5 {[%emt 0:08:29]} Nb6 {[%emt 0:02:49]} 16. Qe3 {[%emt 0:11:48]} f6 {[%emt 0:13:44]} 17. Nf3 {[%emt 0:00:36]} g5 {[%emt 0:01:31]} 18. Bg3 {[%emt 0:01:27]} Bg4 {[%emt 0:04:35]} 19. Be2 {[%emt 0:04:29]} Qd7 {[%emt 0:05:34]} 20. Rd1 {[%emt 0:04:21]} Rac8 {[%emt 0:05:50]} 21. c4 {[%emt 0:02:27]} Qa4 {[%emt 0:01:09]} 22. c5 {[%emt 0:01:21]} Nc4 {[%emt 0:02:58]} 23. Qb3 {[%emt 0:08:39]} Qxb3 {[%emt 0:00:05]} 24. axb3 {[%emt 0:00:01]} Na5 {[%emt 0:00:05]} 25. Ra1 {[%emt 0:02:14]} b6 {[%emt 0:02:45]} 26. Ba6 {[%emt 0:01:22]} Ra8 {[%emt 0:00:29]} 27. Bxc7 {[%emt 0:01:02]} Rd7 {[%emt 0:04:54]} 28. cxb6 {[%emt 0:00:28]} axb6 {[%emt 0:00:22]} 29. Bc4+ {[%emt 0:00:08]} Nxc4 {[%emt 0:00:56]} 30. Rxa8+ {[%emt 0:00:02]} Kf7 {[%emt 0:00:07]} 31. bxc4 {[%emt 0:00:23]} Rxc7 {[%emt 0:00:02]} 32. Nd2 {[%emt 0:00:19]} b5 {[%emt 0:00:12]} 33. c5 {[%emt 0:01:05]} e5 {[%emt 0:00:06]} 34. f3 {[%emt 0:00:47]} Bd7 {[%emt 0:00:05]} 35. d5 {[%emt 0:02:00]} Rxc5 {[%emt 0:00:07]} 36. Ke2 {[%emt 0:00:07]} 1-0

[Event "Sheikh Russel GM 2021"]
[Site "Dhaka"]
[Date "2021.10.23"]
[Round "5.8"]
[White "Sumets, Andrey"]
[Black "Abdisalimov, Abdimalik"]
[Result "1-0"]
[WhiteElo "2497"]
[BlackElo "2406"]
[Annotator "ChessBase"]
[PlyCount "63"]
[EventDate "2021.10.19"]
[EventType "swiss"]
[EventCountry "BAN"]
[SourceTitle "playchess.com"]
[Source "ChessBase"]
[SourceQuality "1"]
[TimeControl "40/5400+30:1800+30"]

1. d4 {[%emt 0:00:03]} Nf6 {[%emt 0:00:48]} 2. c4 {[%emt 0:00:04]} g6 {[%emt 0:00:14]} 3. Nc3 {[%emt 0:00:05]} Bg7 {[%emt 0:00:05]} 4. e4 {[%emt 0:00:03]} O-O {[%emt 0:00:14]} 5. Nf3 {[%emt 0:00:05]} d6 {[%emt 0:00:05]} 6. Be2 {[%emt 0:00:05]} e5 {[%emt 0:00:10]} 7. O-O {[%emt 0:00:05]} c6 {[%emt 0:00:03]} 8. Re1 {[%emt 0:01:21]} Na6 {[%emt 0:00:59]} 9. Be3 {[%emt 0:00:13]} Re8 {[%emt 0:00:15]} 10. d5 {[%emt 0:03:03]} Ng4 {[%emt 0:11:49]} 11. Bc1 {[%emt 0:01:27]} f5 {[%emt 0:01:09]} 12. Ng5 {[%emt 0:26:21]} f4 {[%emt 0:05:22]} 13. Bxg4 {[%emt 0:02:53]} Qxg5 {[%emt 0:03:09]} 14. Bxc8 {[%emt 0:00:08]} Raxc8 {[%emt 0:00:05]} 15. Rb1 {[%emt 0:06:36]} Qe7 {[%emt 0:19:53]} 16. dxc6 {[%emt 0:08:57]} bxc6 {[%emt 0:11:37]} 17. b4 {[%emt 0:01:26]} Qf7 {[%emt 0:02:18]} 18. Qd3 {[%emt 0:03:02]} Nc7 {[%emt 0:01:42]} 19. Ba3 {[%emt 0:06:56]} f3 {[%emt 0:02:24]} 20. b5 {[%emt 0:12:10]} fxg2 {[%emt 0:06:02]} 21. bxc6 {[%emt 0:00:12]} Ne6 {[%emt 0:00:10]} 22. Qd5 {[%emt 0:05:53]} Nd4 {[%emt 0:03:54]} 23. Nb5 {[%emt 0:03:12]} Nf3+ {[%emt 0:11:11]} 24. Kxg2 {[%emt 0:00:08]} Nxe1+ {[%emt 0:00:31]} 25. Rxe1 {[%emt 0:00:05]} Bf8 {[%emt 0:00:20]} 26. Nxd6 {[%emt 0:04:54]} Bxd6 {[%emt 0:01:41]} 27. Bxd6 {[%emt 0:00:10]} Re6 {[%emt 0:03:52]} 28. c5 {[%emt 0:02:05]} Rce8 {[%emt 0:10:26]} 29. c7 {[%emt 0:00:17]} Kg7 {[%emt 0:00:05]} 30. Re3 {[%emt 0:01:49]} Kh6 {[%emt 0:04:23]} 31. Rf3 {[%emt 0:01:10]} Qg8 {[%emt 0:00:28]} 32. Rf8 {[%emt 0:03:21]} 1-0

[Event "Sheikh Russel GM 2021"]
[Site "Dhaka"]
[Date "2021.10.23"]
[Round "5.9"]
[White "Karthikeyan, P.."]
[Black "Rasulov, Vugar"]
[Result "1/2-1/2"]
[WhiteElo "2404"]
[BlackElo "2452"]
[Annotator "ChessBase"]
[PlyCount "40"]
[EventDate "2021.10.19"]
[EventType "swiss"]
[EventCountry "BAN"]
[SourceTitle "playchess.com"]
[Source "ChessBase"]
[SourceQuality "1"]
[TimeControl "40/5400+30:1800+30"]

1. d4 {[%emt 0:01:22]} Nf6 {[%emt 0:00:19]} 2. c4 {[%emt 0:00:11]} e6 {[%emt 0:00:22]} 3. Nc3 {[%emt 0:00:13]} Bb4 {[%emt 0:00:21]} 4. Qc2 {[%emt 0:00:08]} O-O {[%emt 0:00:16]} 5. a3 {[%emt 0:00:13]} Bxc3+ {[%emt 0:00:19]} 6. Qxc3 {[%emt 0:00:08]} b5 {[%emt 0:00:40]} 7. cxb5 {[%emt 0:00:32]} c6 {[%emt 0:00:04]} 8. f3 {[%emt 0:00:14]} Nd5 {[%emt 0:00:12]} 9. Qd3 {[%emt 0:01:03]} cxb5 {[%emt 0:02:32]} 10. e4 {[%emt 0:01:12]} Ne7 {[%emt 0:00:01]} 11. Nh3 {[%emt 0:04:17]} Nbc6 {[%emt 0:02:17]} 12. Be3 {[%emt 0:13:38]} f5 {[%emt 0:09:10]} 13. Be2 {[%emt 0:01:19]} fxe4 {[%emt 0:00:09]} 14. fxe4 {[%emt 0:00:23]} d5 {[%emt 0:06:57]} 15. e5 {[%emt 0:08:40]} Qa5+ {[%emt 0:00:15]} 16. Bd2 {[%emt 0:01:36]} Qb6 {[%emt 0:00:22]} 17. Ng5 {[%emt 0:01:22]} Ng6 {[%emt 0:04:28]} 18. Be3 {[%emt 0:11:11]} Qa5+ {[%emt 0:03:17]} 19. Bd2 {[%emt 0:01:09]} Qb6 {[%emt 0:00:06]} 20. Be3 {[%emt 0:02:01]} Qa5+ {[%emt 0:00:06]} 1/2-1/2

[Event "Sheikh Russel GM 2021"]
[Site "Dhaka"]
[Date "2021.10.23"]
[Round "5.10"]
[White "Himanshu, Sharma"]
[Black "Krasenkow, Michal"]
[Result "0-1"]
[WhiteElo "2394"]
[BlackElo "2578"]
[Annotator "TA"]
[PlyCount "102"]
[EventDate "2021.10.19"]
[EventType "swiss"]
[EventCountry "BAN"]
[SourceTitle "playchess.com"]
[Source "ChessBase"]
[SourceQuality "1"]

{[%evp 15,102,10,25,7,23,25,33,24,24,0,0,0,0,0,0,-9,0,0,-14,-21,-22,-30,-16,-24,-11,-22,0,0,0,-25,-33,-35,-39,-32,-15,-45,0,-51,-39,-51,-39,-67,-47,-90,-82,-79,-60,-65,-93,-101,-93,-112,-118,-143,-143,-131,-129,-162,-155,-169,-162,-187,-170,-175,-137,-137,-141,-189,-139,-311,-302,-12831,-12804,-12824,-10339,-12831,-10137,-12827,-9808,-12837,-12838,-12838,-12839,-12839,-12839,-12840,-12739,-12840,-12839]} 1. e4 g6 2. d4 Bg7 3. Nc3 c6 4. Nf3 d6 5. h3 Nf6 6. Bd3 O-O 7. O-O Nbd7 8. Be3 {8.Be3 has lost popularity.} e5 9. Re1 {B08: Pirc Defence: Classical System.} Qe7 $5 {[%mdl 4] Leaves trodden paths.} 10. Qd2 exd4 $5 {[%mdl 4] A promising side line.} 11. Bxd4 {White is slightly better.} Ne5 12. Nxe5 dxe5 13. Be3 Be6 {[#]} 14. Rad1 $146 ({Predecessor:} 14. Na4 b6 15. b3 Rad8 16. Qc3 Rc8 17. Rad1 Nd7 18. Nb2 f5 19. Bc4 f4 20. Bc1 {1-0 (65) Dvirnyy,D (2333)-Grandesso,E (2092) Venice 2007}) 14... b5 15. Bg5 Qc7 16. Qe3 Nd7 17. Bf1 f6 18. Bh6 Bxh6 19. Qxh6 a5 20. Rd2 Nc5 21. Qe3 Qe7 22. b3 Rfd8 23. Red1 {[#] Rxd8+ is the strong threat.} Rxd2 24. Rxd2 Bf7 25. Be2 Ne6 26. Bg4 ({Better is} 26. a4 $11) 26... Nd4 $1 $15 27. Ne2 h5 28. Bf3 c5 29. c3 Nxf3+ 30. Qxf3 c4 31. bxc4 Bxc4 32. Qe3 Rd8 33. h4 Rd7 34. Nc1 Qd8 35. Rxd7 Qxd7 36. Qe1 a4 {[%cal Ba5a4,Ba4a3][%mdl 32]} 37. f3 a3 38. Kf2 Qd6 39. Kg3 f5 40. exf5 gxf5 41. Kh3 {[#]} e4 $1 42. fxe4 $2 {Now White is beyond hope.} (42. Qe3 $17) 42... fxe4 $19 43. g3 $2 (43. Qg3+ Qxg3+ 44. Kxg3) 43... Qe6+ {Black is clearly winning.} 44. Kh2 e3 45. Ne2 Qf5 46. Nf4 Qc2+ 47. Kg1 Qf2+ 48. Qxf2 exf2+ 49. Kxf2 Bxa2 50. Ne2 Bb3 51. Nd4 Ba4 {Weighted Error Value: White=0.65/Black=0.04} 0-1

[Event "Sheikh Russel GM 2021"]
[Site "Dhaka"]
[Date "2021.10.23"]
[Round "5.11"]
[White "Solodovnichenko, Yuri"]
[Black "Mirzoev, Azer"]
[Result "1-0"]
[WhiteElo "2577"]
[BlackElo "2438"]
[Annotator "TA"]
[PlyCount "83"]
[EventDate "2021.10.19"]
[EventType "swiss"]
[EventCountry "BAN"]
[SourceTitle "playchess.com"]
[Source "ChessBase"]
[SourceQuality "1"]

{[%evp 10,83,29,22,32,5,14,0,33,38,30,30,32,25,37,33,25,15,27,21,19,16,63,63,62,65,65,65,65,65,64,65,66,65,77,70,71,58,60,56,138,138,125,58,58,58,60,55,75,71,68,73,91,81,81,80,97,97,117,103,115,114,110,110,164,154,206,200,195,191,211,203,345,307,284,283]} 1. e4 c6 2. Nf3 d5 3. Nc3 dxe4 4. Nxe4 Nf6 5. Qe2 Nxe4 6. Qxe4 Qd5 {B11: Caro-Kann: Two Knights Variation.} 7. Qh4 Qe6+ 8. Be2 Qg4 {The position is equal.} (8... Qg6 {is more complex.} 9. O-O Qxc2 10. Re1 Nd7 11. d3 Qc5) 9. Qg3 Qxg3 10. hxg3 g6 11. Bc4 $5 {[%mdl 4] Exploring less charted territory.} Bg7 12. Ng5 e6 13. Rxh7 Rxh7 14. Nxh7 f6 15. g4 {[#]} g5 $146 ({Predecessor:} 15... Kf7 16. g5 f5 17. Nf6 Bxf6 18. gxf6 Nd7 19. b4 Nxf6 20. Bb2 Bd7 21. f3 Rh8 {½-½ (96) Solodovnichenko,Y (2574)-Lin,Y (2345) Lienz 2019}) 16. d4 Na6 17. f4 Nb4 18. Bb3 gxf4 19. Bxf4 a5 20. O-O-O a4 21. Bc4 Nd5 22. Bxd5 exd5 23. Re1+ Kf7 $1 24. g5 fxg5 ({Better is} 24... Bf5 $14 25. gxf6 (25. Nxf6 Bxf6 26. gxf6 Be4 $14) 25... Bxf6 26. Nxf6 Kxf6) 25. Nxg5+ $16 Kg6 26. Nf3 (26. Re8 $1 $16) 26... Bg4 $14 27. Ne5+ Bxe5 28. Rxe5 {[%mdl 4096] Endgame And now Rg5+ would win. KRB-KRB} Rg8 29. b3 axb3 30. cxb3 Bf5 31. Kd2 Kf6 32. Re2 Be4 {[#]} 33. g3 $1 Ke7 34. Rh2 Rg7 35. Kc3 Rh7 36. Rf2 Rh1 {[#]} (36... Kd7 $16 {is a better defense.}) 37. Kb4 $1 $18 Kd7 (37... b6 $16 38. Bc7 b5) 38. Kc5 b5 39. Bg5 Bg6 40. Rf6 {[%mdl 64] Double Attack} Be8 (40... Be4 $142 41. Rd6+ (41. Rxc6 Rh2 $18) 41... Ke8 42. Rxc6 (42. Kxc6 Rh2 $16) 42... Rh2) 41. Rxc6 Rh2 {...Rc2+ is the strong threat.} 42. Ra6 {Weighted Error Value: White=0.07/Black=0.16} ({Don't take} 42. Kxb5 $6 Rxa2 43. Rh6 Ra3 $18) ({But not} 42. Kxd5 $2 Bf7+ 43. Kc5 Rc2+ 44. Kxb5 Rxc6 $19) 1-0